| 000 | 00570nam a22001697a 4500 | ||
|---|---|---|---|
| 003 | MACL | ||
| 005 | 20191015144119.0 | ||
| 008 | 160525b xxu||||| |||| 00| 0 eng d | ||
| 040 | _cMACL | ||
| 041 | _aHindi | ||
| 082 | _a891.433 CHA | ||
| 100 |
_aचटटोपाध्याय, शरत़चन्द्र _939988 |
||
| 245 |
_aपरिणीता _cशरत़चन्द्र चटटोपाध्याय |
||
| 260 |
_aनई दिल्ली _bशब्द सागर _c2006 |
||
| 650 |
_aNovel _959532 |
||
| 942 |
_2ddc _cHIN |
||
| 999 |
_c61210 _d61210 |
||